000 00266nam a22001217a 4500
020 _a1-8442-2468-6
082 _a823
_bLAD/W
245 _aWHAT MITZI WANTS
_bKOALA BROTHERS
260 _aUK
_bLADYBIRD
300 _a29
650 _aENGLISH SHORT STORY
_zUK
942 _cBK
999 _c4297
_d4297